Statistics for Gaelic Scottish town names

Click here to take the quiz!

General Stats

  • This quiz has been taken 55 times
  • The average score is 9 of 20

Answer Stats

Gaelic nameEnglish name% Correct
PeairtPerth
93%
SteòrnabhaghStornoway
82%
Dùn PhàrlainDunfermline
75%
Rinn FriùRenfrew
61%
Gleann RathaisGlenrothes
59%
Cill MheàrnaigKilmarnock
59%
SruighleaStirling
55%
GrianaigGreenock
52%
Caol Loch AillseKyle of Lochalsh
52%
Inbhir ÀirAyr
50%
Am PlocPlockton
50%
An GearasdanFort William
48%
Dùn BreatannDumbarton
34%
Taigh an DromaTyndrum
27%
Inbhir PheofharainDingwall
25%
Tobar na MàtharMotherwell
20%
Cathair ChaladinnKirkcaldy
16%
An t-ÒbLeverburgh
16%
An t-Àth LeathannBroadford
14%
An Geal ÀthGalashiels
9%

Score Distribution

Percentile by Number Answered

Percent of People with Each Score

Your Score History

You have not taken this quiz